Statistics for Pokémon Go: Strongest Pokémon by CP

Click here to take the quiz!

General Stats

  • This quiz has been taken 489 times
    (28 since last reset)
  • The average score is 23 of 30

Answer Stats

Max CPPokémonTypeRegion% Correct
4,724MewtwoPsychicKanto
100%
4 287DragoniteDragon / FlyingKanto
96%
4,652GroudonGroundHoenn
92%
4,652KyogreWaterHoenn
92%
5,010SlakingNormalHoenn
92%
4 565DialgaSteel / DragonSinnoh
88%
4 512PalkiaWater / DragonSinnoh
88%
4 336RayquazaDragon / FlyingHoenn
88%
4 565ReshiramDragon / FireUnova
88%
4 335TyranitarRock / DarkJohto
88%
4 286MetagrossSteel / PsychicHoenn
84%
4 565ZekromDragon / ElectricUnova
84%
4 479GarchompDragon / GroundSinnoh
80%
4 275YveltalDark / FlyingKalos
80%
4 367Ho-ohFire / FlyingJohto
76%
4,903RegigigasNormalSinnoh
76%
4,358UrsalunaNormal / GroundHisui
76%
4 275XerneasFairyKalos
76%
4,267Zygarde (Complete Forme)Dragon / GroundKalos
76%
4 530Hoopa (Unbound)Psychic / DarkKalos
72%
4 310LatiosDragon / PsychicHoenn
72%
4 329Zamazenta (Hero of Many Battles)FightingGalar
72%
4,570LunalaPsychic / GhostAlola
68%
4 465NihilegoRock / PoisonAlola
68%
4,570SolgaleoPsychic / SteelAlola
68%
4 329Zacian (Hero of Many Battles)FairyGalar
68%
4 334ZarudeDark / GrassGalar
68%
4 490Meloetta (Aria)Normal / PsychicUnova
60%
4 451XurkitreeElectricAlola
60%
4 434Landorus (Therian)Ground / FlyingUnova
52%

Score Distribution

Percentile by Number Answered

Percent of People with Each Score

Your Score History

You have not taken this quiz since the last reset